QCM animaux n°2 - Statistiques

Statistiques générales
  • Ce quiz a été pris 350 fois
  • Le résultat moyen est 7 sur 10
Statistiques - réponses
Question Réponse % Correct
Sorte de lézard qui a la propriété de changer de couleur en fonction de son milieu. Un caméléon
98%
Mammifère carnivore aquatique, à fourrure soyeuse, mangeur de poissons. Une loutre
96%
Mammifère domestique qui sert à l’homme de monture ou à tirer un attelage. Un cheval
94%
Grand poisson marin appelé aussi squale, dont certaines espèces sont carnivores. Un requin
69%
Insecte herbivore qui ressemble à une grosse sauterelle. Un criquet
67%
Mammifère carnivore à pelage gris jaunâtre vivant en meutes dans les forêts. Un loup
63%
Animal à huit pattes et à l’abdomen non segmenté. Une araignée
57%
Grand oiseau passereau, à vastes ailes, au plumage noir. Un corbeau
53%
Petit mammifère carnassier généralement domestique. Un chat
43%
Mammifère primate aux lobes olfactifs très développés. Un lémurien
31%
Aucun quiz correspondant
Distribution des résultats
% des personnes avec chaque résultat
Percentile par nombre de réponses
Votre historique - résultats
Vous n’avez pas pris ce quiz